[Event "Madrid-ch Superveteranos +65 2019"]
[Site "Madrid ESP"]
[Date "2019.01.23"]
[Round "3.9"]
[White "Ortega Morales, Pedro"]
[Black "Ghavami, Mahmoud"]
[Result "1-0"]
[WhiteElo "1763"]
[BlackElo "1491"]
[PlyCount "73"]
[EventDate "2019.01.21"]
[EventType "swiss"]
[EventRounds "7"]
[EventCountry "ESP"]
[SourceTitle "Ajedrez en Madrid"]
[Source "lmi"]
[SourceDate "2019.01.21"]
[SourceVersion "1"]
[SourceVersionDate "2019.01.30"]
[SourceQuality "1"]

1. d4 Nf6 2. Bf4 d5 3. e3 Bf5 4. Nf3 e6 5. Nbd2 Bd6 6. Ne5 O-O 7. Be2 Nbd7 8.
O-O Ne4 9. Nxe4 Bxe4 10. c4 Nxe5 11. dxe5 Be7 12. Rc1 c6 13. a3 Qb6 14. b4 Rfd8
15. c5 Qc7 16. Qd4 Rd7 17. a4 Qd8 18. Rfd1 Bg5 19. Bg3 Qf8 20. f3 Bg6 21. f4
Be7 22. Rc3 Be4 23. b5 f5 24. Rdc1 h6 25. a5 g5 26. Qa4 Rc7 27. a6 cxb5 28.
Qxb5 bxa6 29. Qxa6 Rac8 30. Qxe6+ Kh8 31. c6 a5 32. Ba6 Rd8 33. Rb3 Rd6 34.
exd6 Bxd6 35. Rb7 Rxb7 36. cxb7 Bc5 37. Rxc5 1-0

[Event "Madrid-ch Superveteranos +65 2019"]
[Site "Madrid ESP"]
[Date "2019.01.23"]
[Round "3.10"]
[White "Mendez Rodriguez, Carlos"]
[Black "Barahona Torrijos, Angel"]
[Result "0-1"]
[WhiteElo "1558"]
[BlackElo "1735"]
[PlyCount "58"]
[EventDate "2019.01.21"]
[EventType "swiss"]
[EventRounds "7"]
[EventCountry "ESP"]
[SourceTitle "Ajedrez en Madrid"]
[Source "lmi"]
[SourceDate "2019.01.21"]
[SourceVersion "1"]
[SourceVersionDate "2019.01.30"]
[SourceQuality "1"]

1. Nf3 Nc6 2. d4 d5 3. g3 Bf5 4. Bg2 Qd7 5. c4 e6 6. Nc3 Nf6 7. cxd5 exd5 8. a3
Ne4 9. O-O Nxc3 10. bxc3 Bd6 11. Qb3 Na5 12. Qxd5 Nc6 13. e4 Bg4 14. e5 Be7 15.
Qb5 O-O 16. Ng5 Nxd4 17. Qxd7 Ne2+ 18. Kh1 Bxd7 19. e6 fxe6 20. Bd2 Bxg5 21.
Bxg5 Nxc3 22. Bxb7 Rab8 23. Bg2 Nd5 24. Rad1 Rb2 25. Kg1 Bb5 26. Bc1 Ra2 27. f4
Bxf1 28. Kxf1 c6 29. Re1 Kf7 0-1

[Event "Madrid-ch Superveteranos +65 2019"]
[Site "Madrid ESP"]
[Date "2019.01.23"]
[Round "3.11"]
[White "Arroyo Fraile, Mario"]
[Black "Martinez Rubio, Felipe"]
[Result "0-1"]
[WhiteElo "1502"]
[BlackElo "1704"]
[PlyCount "66"]
[EventDate "2019.01.21"]
[EventType "swiss"]
[EventRounds "7"]
[EventCountry "ESP"]
[SourceTitle "Ajedrez en Madrid"]
[Source "lmi"]
[SourceDate "2019.01.21"]
[SourceVersion "1"]
[SourceVersionDate "2019.01.30"]
[SourceQuality "1"]

1. c4 g6 2. Nc3 c5 3. g3 Nc6 4. Bg2 Bg7 5. Nf3 e6 6. e4 Nge7 7. O-O b6 8. Re1
Bb7 9. Rb1 O-O 10. a3 Nd4 11. b4 Bc6 12. Bb2 Qc7 13. d3 Rad8 14. b5 Bb7 15. Ne2
Nxf3+ 16. Bxf3 d5 17. Bxg7 Kxg7 18. exd5 exd5 19. cxd5 Nxd5 20. Qb3 Kg8 21. Nc3
Nxc3 22. Bxb7 Nxb1 23. Bc6 Nd2 24. Qc2 Nf3+ 25. Bxf3 Qd7 26. Bc6 Qxd3 27. Qb2
Qd4 28. Qc1 c4 29. Re7 Qd1+ 30. Qxd1 Rxd1+ 31. Kg2 c3 32. Be4 Rc8 33. Bc6 c2
0-1

[Event "Madrid-ch Superveteranos +65 2019"]
[Site "Madrid ESP"]
[Date "2019.01.23"]
[Round "3.12"]
[White "Salgado Duarte, Pablo"]
[Black "Leniz Martinez, Francisco"]
[Result "0-1"]
[WhiteElo "1480"]
[BlackElo "1689"]
[PlyCount "88"]
[EventDate "2019.01.21"]
[EventType "swiss"]
[EventRounds "7"]
[EventCountry "ESP"]
[SourceTitle "Ajedrez en Madrid"]
[Source "lmi"]
[SourceDate "2019.01.21"]
[SourceVersion "1"]
[SourceVersionDate "2019.01.30"]
[SourceQuality "1"]

1. d4 c5 2. Nf3 e6 3. Nc3 d5 4. Bf4 a6 5. e3 Nf6 6. h3 cxd4 7. exd4 Bd6 8. Bxd6
Qxd6 9. a3 O-O 10. Bd3 h6 11. O-O Bd7 12. Re1 Bc6 13. Ne5 Nbd7 14. Na2 b5 15.
Nb4 Bb7 16. c3 Rac8 17. a4 a5 18. Nc2 b4 19. cxb4 axb4 20. b3 Rc3 21. Rb1 Rfc8
22. Na1 Ba6 23. Bxa6 Qxa6 24. Qd2 Nxe5 25. dxe5 Nd7 26. Re3 Rxe3 27. Qxe3 Rc3
28. Qd4 Qa5 29. f4 g6 30. Kh2 Nc5 31. Qf2 Ne4 32. Qe1 Qc7 33. Rd1 Qc5 34. Qh4
Kg7 35. Re1 h5 36. Rd1 Qa7 37. Qe1 Qc5 38. Qh4 Rg3 39. Re1 Qf2 40. Rg1 Rxg2+
41. Rxg2 Qxh4 42. Nc2 Qxf4+ 43. Kg1 Qxe5 44. Ne1 Qc3 0-1

[Event "Madrid-ch Superveteranos +65 2019"]
[Site "Madrid ESP"]
[Date "2019.01.23"]
[Round "3.14"]
[White "Martin Rodriguez, Jose Luis"]
[Black "Sanchez Lucena, Juan"]
[Result "1-0"]
[WhiteElo "1285"]
[BlackElo "1454"]
[PlyCount "85"]
[EventDate "2019.01.21"]
[EventType "swiss"]
[EventRounds "7"]
[EventCountry "ESP"]
[SourceTitle "Ajedrez en Madrid"]
[Source "lmi"]
[SourceDate "2019.01.21"]
[SourceVersion "1"]
[SourceVersionDate "2019.01.30"]
[SourceQuality "1"]

1. c4 e6 2. Nc3 Nf6 3. Nf3 Be7 4. g3 d6 5. Bg2 Bd7 6. d3 Bc6 7. O-O Nbd7 8. b3
h6 9. Re1 Ng4 10. d4 Nb6 11. e4 Nf6 12. e5 Nh7 13. d5 Bd7 14. Ba3 O-O 15. Bc1
c6 16. h4 c5 17. Re4 f5 18. Re1 Re8 19. Bf4 g5 20. Bc1 Nc8 21. Nh2 Rb8 22. Qh5
Kg7 23. f3 dxe5 24. dxe6 Nf6 25. Qf7+ Kh8 26. exd7 Nxd7 27. Rd1 Rf8 28. Qh5 Kg7
29. hxg5 Bxg5 30. Bxg5 hxg5 31. f4 exf4 32. Qf3 fxg3 33. Qxg3 f4 34. Qf2 Ncb6
35. Ng4 Qe7 36. Nd5 Nxd5 37. Bxd5 Nf6 38. Nxf6 Rxf6 39. Re1 Qf8 40. Re5 b6 41.
Rae1 Re8 42. Rxe8 Qd6 43. Be4 1-0

[Event "Madrid-ch Superveteranos +65 2019"]
[Site "Madrid ESP"]
[Date "2019.01.23"]
[Round "3.15"]
[White "Diaz Begonte, Manuel"]
[Black "Perales Hernandez, Manuel"]
[Result "1-0"]
[WhiteElo "1552"]
[BlackElo "1333"]
[PlyCount "85"]
[EventDate "2019.01.21"]
[EventType "swiss"]
[EventRounds "7"]
[EventCountry "ESP"]
[SourceTitle "Ajedrez en Madrid"]
[Source "lmi"]
[SourceDate "2019.01.21"]
[SourceVersion "1"]
[SourceVersionDate "2019.01.30"]
[SourceQuality "1"]

1. e4 e5 2. Nf3 Nc6 3. Bb5 d6 4. c3 Bg4 5. O-O Qd7 6. d4 a6 7. Be2 O-O-O 8. d5
Nce7 9. Be3 Nf6 10. Nbd2 h5 11. Ng5 Ng6 12. f3 Re8 13. fxg4 hxg4 14. Rxf6 Kb8
15. Bxg4 Qb5 16. Rxf7 Qd3 17. Qe2 Qc2 18. Nc4 Qxe2 19. Bxe2 Rg8 20. Ne6 Nh8 21.
Rxf8 Rgxf8 22. Nxf8 Rxf8 23. Rf1 Rg8 24. Bg5 Ka7 25. Bg4 b5 26. Na5 Kb6 27. Nc6
a5 28. Be7 Ng6 29. Bg5 Ra8 30. Rf7 a4 31. a3 Kc5 32. Be2 Kb6 33. Be3+ Kb7 34.
g3 Nh8 35. Rxg7 Rf8 36. Kg2 Nf7 37. Bxb5 Nd8 38. Nxd8+ Rxd8 39. Bxa4 Ra8 40. b3
Ka6 41. Rxc7 Ka5 42. Bc6 Ra6 43. b4# 1-0

[Event "Madrid-ch Superveteranos +65 2019"]
[Site "Madrid ESP"]
[Date "2019.01.23"]
[Round "3.16"]
[White "Abad Martin-Camuñas, Luis"]
[Black "Becerra Baigorri, Jose"]
[Result "1/2-1/2"]
[WhiteElo "1369"]
[BlackElo "1479"]
[PlyCount "70"]
[EventDate "2019.01.21"]
[EventType "swiss"]
[EventRounds "7"]
[EventCountry "ESP"]
[SourceTitle "Ajedrez en Madrid"]
[Source "lmi"]
[SourceDate "2019.01.21"]
[SourceVersion "1"]
[SourceVersionDate "2019.01.30"]
[SourceQuality "1"]

1. d4 d5 2. Bf4 Nf6 3. e3 e6 4. Nd2 c5 5. c3 Nc6 6. Bd3 cxd4 7. exd4 Bd6 8. Bg5
h6 9. Bh4 Be7 10. Ngf3 O-O 11. O-O Bd7 12. Bg3 Nh5 13. Ne5 Nxg3 14. Nxc6 Bxc6
15. fxg3 Qb6 16. Rb1 e5 17. Nb3 e4 18. Be2 f5 19. Bh5 Bb5 20. Be2 Rf6 21. Kh1
Ba4 22. Qc2 Raf8 23. Rf2 Bd6 24. Rbf1 f4 25. gxf4 Rxf4 26. Rxf4 Bxf4 27. g3 Bg5
28. Rxf8+ Kxf8 29. Bd1 Qf6 30. Qe2 a6 31. h4 Bb5 32. Qe1 Be3 33. Qxe3 Qf1+ 34.
Qg1 Qh3+ 35. Qh2 Qf1+ 1/2-1/2

[Event "Madrid-ch Superveteranos +65 2019"]
[Site "Madrid ESP"]
[Date "2019.01.23"]
[Round "3.17"]
[White "Antolin Palenzuela, Francisco J"]
[Black "Perez Ramos, Miguel Angel"]
[Result "1/2-1/2"]
[WhiteElo "1462"]
[BlackElo "1131"]
[PlyCount "120"]
[EventDate "2019.01.21"]
[EventType "swiss"]
[EventRounds "7"]
[EventCountry "ESP"]
[SourceTitle "Ajedrez en Madrid"]
[Source "lmi"]
[SourceDate "2019.01.21"]
[SourceVersion "1"]
[SourceVersionDate "2019.01.30"]
[SourceQuality "1"]

1. e4 e5 2. Nf3 Nc6 3. Bc4 Be7 4. Nc3 Nf6 5. d3 d6 6. h3 a6 7. a3 Bd7 8. Be3
Nb8 9. Ng5 O-O 10. h4 b5 11. Ba2 Bg4 12. f3 Bh5 13. g4 h6 14. gxh5 hxg5 15.
hxg5 Nh7 16. g6 Bh4+ 17. Bf2 Bxf2+ 18. Kxf2 c6 19. gxh7+ Kxh7 20. Qd2 Qf6 21.
Rag1 Rh8 22. Qg5 Nd7 23. Qxf6 Nxf6 24. Bxf7 Raf8 25. Be6 Re8 26. Ba2 Rd8 27.
Rg6 Nxh5 28. Rg5 g6 29. Bf7 Kg7 30. Bxg6 Nf4 31. Bf5+ Kf6 32. Rg6+ Nxg6 33.
Bxg6 Rxh1 34. Bf5 Rh2+ 35. Ke3 Rxc2 36. Nd1 Rh2 37. Nf2 Rhh8 38. d4 a5 39. b3
Ke7 40. Ng4 exd4+ 41. Kxd4 Rh1 42. Ne3 Rdh8 43. Bg4 Rc1 44. f4 Rh2 45. e5 dxe5+
46. Kxe5 Re1 47. Ke4 Rb2 48. Kd4 Rxb3 49. Nf5+ Kd8 50. Kc5 Rc3+ 51. Kb6 Ra1 52.
Nd4 Raxa3 53. Nxc6+ Ke8 54. Nxa5 b4 55. Be6 Ke7 56. f5 Kf6 57. Kb5 Rc8 58. Bxc8
b3 59. Nxb3 Rxb3+ 60. Kc4 Rb8 1/2-1/2

[Event "Madrid-ch Superveteranos +65 2019"]
[Site "Madrid ESP"]
[Date "2019.01.24"]
[Round "4.1"]
[White "Gonzalez Rivera, Eduardo"]
[Black "Ciuro Muñoz, Ricardo"]
[Result "1-0"]
[WhiteElo "2025"]
[BlackElo "1994"]
[PlyCount "65"]
[EventDate "2019.01.21"]
[EventType "swiss"]
[EventRounds "7"]
[EventCountry "ESP"]
[SourceTitle "Ajedrez en Madrid"]
[Source "lmi"]
[SourceDate "2019.01.21"]
[SourceVersion "1"]
[SourceVersionDate "2019.01.30"]
[SourceQuality "1"]

1. e4 e6 2. d4 d5 3. Nd2 Nf6 4. e5 Nfd7 5. f4 c5 6. c3 Nc6 7. Ndf3 c4 8. g3 b5
9. Bh3 Nb6 10. Ne2 Be7 11. O-O a5 12. Ne1 g6 13. Ng2 h5 14. Ne3 b4 15. Bd2 Bd7
16. Bg2 Qc7 17. h3 O-O-O 18. b3 bxc3 19. Bxc3 Nb4 20. a3 Nc6 21. bxc4 Nxc4 22.
Nxc4 dxc4 23. Qd2 Qa7 24. Kh2 a4 25. d5 exd5 26. Qxd5 h4 27. Qxc4 hxg3+ 28.
Nxg3 Bc5 29. Bb4 Bxb4 30. Bxc6 Rxh3+ 31. Kg2 Rxg3+ 32. Kxg3 Qe3+ 33. Bf3+ 1-0

[Event "Madrid-ch Superveteranos +65 2019"]
[Site "Madrid ESP"]
[Date "2019.01.24"]
[Round "4.2"]
[White "Garcia Esteban, Ignacio"]
[Black "Pastor Alonso De Prado, Alberto"]
[Result "1-0"]
[WhiteElo "1807"]
[BlackElo "2147"]
[PlyCount "97"]
[EventDate "2019.01.21"]
[EventType "swiss"]
[EventRounds "7"]
[EventCountry "ESP"]
[SourceTitle "Ajedrez en Madrid"]
[Source "lmi"]
[SourceDate "2019.01.21"]
[SourceVersion "1"]
[SourceVersionDate "2019.01.30"]
[SourceQuality "1"]

1. e4 b6 2. d4 Bb7 3. Bd3 e6 4. c3 c5 5. Nf3 Nf6 6. Qc2 c4 7. Bxc4 Bxe4 8. Qe2
Be7 9. Nbd2 Bb7 10. O-O Qc8 11. Bd3 Ba6 12. Ne4 Bxd3 13. Qxd3 Qa6 14. Nxf6+
Bxf6 15. Qe4 d5 16. Qc2 Nc6 17. Bg5 Bxg5 18. Nxg5 h6 19. Nf3 Rc8 20. Qd2 O-O
21. Rfe1 b5 22. Qe2 Qb6 23. a3 a5 24. Qd3 Rb8 25. h3 Rfc8 26. g4 Qd8 27. Kg2 b4
28. axb4 axb4 29. Rab1 Na5 30. Ne5 Nc4 31. Qf3 Rb7 32. Nxc4 Rxc4 33. Ra1 Qc8
34. Re3 Rbc7 35. cxb4 Rxd4 36. b5 Rb4 37. Rb3 Rcc4 38. b6 Rf4 39. Qxf4 Rxf4 40.
b7 Rxf2+ 41. Kxf2 Qc2+ 42. Ke1 Qxb3 43. Ra8+ Kh7 44. b8=Q Qe3+ 45. Kd1 d4 46.
Ra3 d3 47. Qh2 e5 48. Qg2 g6 49. Qf1 1-0

[Event "Madrid-ch Superveteranos +65 2019"]
[Site "Madrid ESP"]
[Date "2019.01.24"]
[Round "4.3"]
[White "Guillen Marco, Jose Antonio"]
[Black "Rodriguez Bachiller, Luis"]
[Result "1-0"]
[WhiteElo "1919"]
[BlackElo "1613"]
[PlyCount "27"]
[EventDate "2019.01.21"]
[EventType "swiss"]
[EventRounds "7"]
[EventCountry "ESP"]
[SourceTitle "Ajedrez en Madrid"]
[Source "lmi"]
[SourceDate "2019.01.21"]
[SourceVersion "1"]
[SourceVersionDate "2019.01.30"]
[SourceQuality "1"]

1. e4 c5 2. c3 d5 3. exd5 Qxd5 4. d4 cxd4 5. cxd4 Nc6 6. Nf3 e6 7. Bd3 Bb4+ 8.
Nc3 Bd7 9. O-O Bxc3 10. bxc3 Na5 11. Ne5 Ne7 12. Ba3 Nac6 13. Re1 Ng6 14. Nc4
1-0

[Event "Madrid-ch Superveteranos +65 2019"]
[Site "Madrid ESP"]
[Date "2019.01.24"]
[Round "4.4"]
[White "Cruz Gonzalez, Antonio"]
[Black "Rueda Maria, Ramiro"]
[Result "1/2-1/2"]
[WhiteElo "1790"]
[BlackElo "1819"]
[PlyCount "25"]
[EventDate "2019.01.21"]
[EventType "swiss"]
[EventRounds "7"]
[EventCountry "ESP"]
[SourceTitle "Ajedrez en Madrid"]
[Source "lmi"]
[SourceDate "2019.01.21"]
[SourceVersion "1"]
[SourceVersionDate "2019.01.30"]
[SourceQuality "1"]

1. e4 e5 2. f4 d5 3. exd5 e4 4. d3 Nf6 5. dxe4 Nxe4 6. Qe2 Qxd5 7. Nc3 Bb4 8.
Bd2 Qxd2+ 9. Qxd2 Bxc3 10. Qxc3 Nxc3 11. bxc3 O-O 12. O-O-O Be6 13. Kb2 1/2-1/2

[Event "Madrid-ch Superveteranos +65 2019"]
[Site "Madrid ESP"]
[Date "2019.01.24"]
[Round "4.5"]
[White "Martin-Consuegra Barrilero, Francisco Javier"]
[Black "Corredor Gonzalez, Angel L."]
[Result "1-0"]
[WhiteElo "1775"]
[BlackElo "1709"]
[PlyCount "49"]
[EventDate "2019.01.21"]
[EventType "swiss"]
[EventRounds "7"]
[EventCountry "ESP"]
[SourceTitle "Ajedrez en Madrid"]
[Source "lmi"]
[SourceDate "2019.01.21"]
[SourceVersion "1"]
[SourceVersionDate "2019.01.30"]
[SourceQuality "1"]

1. d4 Nf6 2. Bf4 d5 3. e3 Nh5 4. Qxh5 g6 5. Qd1 Bg7 6. Nf3 O-O 7. Be2 c5 8. c3
Nc6 9. O-O c4 10. Nbd2 a5 11. b3 b5 12. bxc4 dxc4 13. a3 Bb7 14. Rb1 Na7 15.
Ne5 Ba6 16. Bf3 Rc8 17. Bg4 Ra8 18. Qf3 f6 19. Be6+ Kh8 20. Nf7+ Rxf7 21. Bxf7
e5 22. Bg3 exd4 23. exd4 Qf8 24. Bd5 Rd8 25. Bb7 1-0

[Event "Madrid-ch Superveteranos +65 2019"]
[Site "Madrid ESP"]
[Date "2019.01.24"]
[Round "4.6"]
[White "Martinez Rubio, Felipe"]
[Black "Fernandez Garcia, Ignacio"]
[Result "0-1"]
[WhiteElo "1704"]
[BlackElo "1769"]
[PlyCount "86"]
[EventDate "2019.01.21"]
[EventType "swiss"]
[EventRounds "7"]
[EventCountry "ESP"]
[SourceTitle "Ajedrez en Madrid"]
[Source "lmi"]
[SourceDate "2019.01.21"]
[SourceVersion "1"]
[SourceVersionDate "2019.01.30"]
[SourceQuality "1"]

1. d4 b5 2. Nf3 Bb7 3. Bf4 d6 4. e3 a6 5. Nbd2 Nf6 6. h3 Nbd7 7. Bd3 c5 8. c3
g6 9. O-O Bg7 10. Re1 O-O 11. Bh2 Rc8 12. Rc1 Qa5 13. Bb1 Rfe8 14. dxc5 dxc5
15. e4 e5 16. c4 Qb6 17. cxb5 axb5 18. b3 h6 19. Qe2 Nh7 20. Bd3 Bc6 21. Nb1
Nhf8 22. Na3 Rb8 23. Rc2 Ne6 24. Rec1 Qa5 25. Nb1 Rb7 26. Qd2 Qa7 27. Nc3 Nd4
28. Rb2 f5 29. Nd5 Bxd5 30. exd5 Nxf3+ 31. gxf3 e4 32. fxe4 fxe4 33. Bb1 Bxb2
34. Qxb2 c4 35. Qd2 e3 36. Qc2 Nf8 37. Bg3 Qc5 38. d6 Qh5 39. Kg2 Rf7 40. bxc4
exf2 41. Rf1 Qf3+ 42. Kh2 Re2 43. Qd3 Re3 0-1

[Event "Madrid-ch Superveteranos +65 2019"]
[Site "Madrid ESP"]
[Date "2019.01.24"]
[Round "4.7"]
[White "Leniz Martinez, Francisco"]
[Black "Ortega Morales, Pedro"]
[Result "0-1"]
[WhiteElo "1689"]
[BlackElo "1763"]
[PlyCount "38"]
[EventDate "2019.01.21"]
[EventType "swiss"]
[EventRounds "7"]
[EventCountry "ESP"]
[SourceTitle "Ajedrez en Madrid"]
[Source "lmi"]
[SourceDate "2019.01.21"]
[SourceVersion "1"]
[SourceVersionDate "2019.01.30"]
[SourceQuality "1"]

1. c4 e5 2. g3 Nf6 3. Bg2 d5 4. cxd5 Nxd5 5. Nc3 Nxc3 6. bxc3 Bd6 7. Qc2 Nd7 8.
Nf3 Nf6 9. O-O O-O 10. d4 Qe7 11. Ng5 c6 12. a4 Bd7 13. Re1 h6 14. Ne4 Nxe4 15.
Qxe4 f5 16. Qc2 Rab8 17. e3 a6 18. c4 exd4 19. exd4 Qxe1+ 0-1

[Event "Madrid-ch Superveteranos +65 2019"]
[Site "Madrid ESP"]
[Date "2019.01.24"]
[Round "4.8"]
[White "Barahona Torrijos, Angel"]
[Black "Perez Cameselle, Francisco"]
[Result "1/2-1/2"]
[WhiteElo "1735"]
[BlackElo "1767"]
[PlyCount "95"]
[EventDate "2019.01.21"]
[EventType "swiss"]
[EventRounds "7"]
[EventCountry "ESP"]
[SourceTitle "Ajedrez en Madrid"]
[Source "lmi"]
[SourceDate "2019.01.21"]
[SourceVersion "1"]
[SourceVersionDate "2019.01.30"]
[SourceQuality "1"]

1. d4 Nf6 2. Bg5 g6 3. Nd2 Bg7 4. e4 d6 5. e5 dxe5 6. dxe5 Ng4 7. Ngf3 O-O 8.
Qe2 Nc6 9. O-O-O Qe8 10. Bf4 Be6 11. h3 Nh6 12. g4 f6 13. Qe3 Nf7 14. exf6 exf6
15. Nb3 Nfe5 16. Bb5 Qf7 17. Nxe5 fxe5 18. Bg3 Nd4 19. Bd3 Nxb3+ 20. axb3 Rfe8
21. Be4 c6 22. f3 a5 23. Rd3 a4 24. bxa4 Rxa4 25. Ra3 Rea8 26. Rd1 Qe7 27. Rdd3
Rxa3 28. Rxa3 Rxa3 29. bxa3 Qd6 30. g5 Qd4 31. Qxd4 exd4 32. h4 Kf7 33. Bd6 h6
34. Kd2 hxg5 35. hxg5 Bf5 36. Kd3 Ke6 37. Bc5 Be5 38. Bxd4 Bf4 39. Be3 Bd6 40.
a4 Be5 41. Kc4 Bd6 42. Bd4 Be7 43. Be3 Bxe4 44. fxe4 Ke5 45. Kd3 Bd8 46. Bd2
Be7 47. Bc3+ Ke6 48. Bd2 1/2-1/2

[Event "Madrid-ch Superveteranos +65 2019"]
[Site "Madrid ESP"]
[Date "2019.01.24"]
[Round "4.9"]
[White "Perez Gonzalez, Jesus Miguel"]
[Black "Martin Rodriguez, Jose Luis"]
[Result "1-0"]
[WhiteElo "1668"]
[BlackElo "1285"]
[PlyCount "48"]
[EventDate "2019.01.21"]
[EventType "swiss"]
[EventRounds "7"]
[EventCountry "ESP"]
[SourceTitle "Ajedrez en Madrid"]
[Source "lmi"]
[SourceDate "2019.01.21"]
[SourceVersion "1"]
[SourceVersionDate "2019.01.30"]
[SourceQuality "1"]

1. e4 e6 2. d4 d5 3. Nd2 dxe4 4. Nxe4 Nf6 5. Bd3 Nc6 6. c3 Be7 7. Nf3 h6 8. O-O
O-O 9. Qc2 Bd6 10. Nxd6 Qxd6 11. h3 Bd7 12. a4 Ne7 13. b3 Qd5 14. c4 Qc6 15.
Ne5 Qb6 16. c5 Qb4 17. Nxd7 Nxd7 18. Ba3 Qxd4 19. c6 Nf6 20. cxb7 Ned5 21. Rac1
Rab8 22. Bxf8 Kxf8 23. Bb5 Rxb7 24. Rfd1 Qe5 1-0

[Event "Madrid-ch Superveteranos +65 2019"]
[Site "Madrid ESP"]
[Date "2019.01.24"]
[Round "4.12"]
[White "Sanchez Lucena, Juan"]
[Black "Tome Salvador, Jose Antonio"]
[Result "0-1"]
[WhiteElo "1454"]
[BlackElo "1610"]
[PlyCount "50"]
[EventDate "2019.01.21"]
[EventType "swiss"]
[EventRounds "7"]
[EventCountry "ESP"]
[SourceTitle "Ajedrez en Madrid"]
[Source "lmi"]
[SourceDate "2019.01.21"]
[SourceVersion "1"]
[SourceVersionDate "2019.01.30"]
[SourceQuality "1"]

1. d4 d5 2. Nf3 Nf6 3. Bf4 e6 4. h3 Nc6 5. a3 Bd6 6. Bxd6 Qxd6 7. e3 O-O 8.
Nbd2 Re8 9. c4 b6 10. Rc1 Bd7 11. Qc2 e5 12. dxe5 Nxe5 13. cxd5 Qxd5 14. Qb3
Qxb3 15. Nxb3 Nxf3+ 16. gxf3 c5 17. Nd2 Rad8 18. Rc3 Nd5 19. Rd3 Bb5 20. Rxd5
Rxd5 21. Bxb5 Red8 22. O-O Rxd2 23. Rb1 Rd1+ 24. Rxd1 Rxd1+ 25. Kg2 Rb1 0-1

[Event "Madrid-ch Superveteranos +65 2019"]
[Site "Madrid ESP"]
[Date "2019.01.24"]
[Round "4.14"]
[White "Quintero Cuervo, Edgar"]
[Black "Diaz Begonte, Manuel"]
[Result "1-0"]
[WhiteElo "1557"]
[BlackElo "1552"]
[PlyCount "53"]
[EventDate "2019.01.21"]
[EventType "swiss"]
[EventRounds "7"]
[EventCountry "ESP"]
[SourceTitle "Ajedrez en Madrid"]
[Source "lmi"]
[SourceDate "2019.01.21"]
[SourceVersion "1"]
[SourceVersionDate "2019.01.30"]
[SourceQuality "1"]

1. e4 d5 2. exd5 Nf6 3. c4 c6 4. dxc6 Nxc6 5. Nc3 e5 6. d3 Bf5 7. Bg5 Be7 8.
Be2 h6 9. Be3 O-O 10. Nf3 Ng4 11. O-O Nxe3 12. fxe3 Bg6 13. a3 a6 14. b4 Bg5
15. Nd5 e4 16. Nxg5 Qxg5 17. d4 Bf5 18. b5 axb5 19. cxb5 Na5 20. Rxf5 Qd8 21.
Nf4 Qe7 22. Re5 Qd6 23. Rc1 Qxa3 24. Rxe4 Rfe8 25. Ra1 Qc3 26. Nd5 Qc8 27. Ne7+
1-0

[Event "Madrid-ch Superveteranos +65 2019"]
[Site "Madrid ESP"]
[Date "2019.01.24"]
[Round "4.15"]
[White "Lopez Oneto, Manuel"]
[Black "Abad Martin-Camuñas, Luis"]
[Result "0-1"]
[WhiteElo "1563"]
[BlackElo "1369"]
[PlyCount "56"]
[EventDate "2019.01.21"]
[EventType "swiss"]
[EventRounds "7"]
[EventCountry "ESP"]
[SourceTitle "Ajedrez en Madrid"]
[Source "lmi"]
[SourceDate "2019.01.21"]
[SourceVersion "1"]
[SourceVersionDate "2019.01.30"]
[SourceQuality "1"]

1. e4 e6 2. d4 d5 3. Nd2 dxe4 4. Nxe4 Nd7 5. Nf3 Ngf6 6. Bg5 Be7 7. Bd3 O-O 8.
O-O Nxe4 9. Bxe7 Qxe7 10. Bxe4 Nf6 11. Bd3 b6 12. c3 Bb7 13. Re1 Rad8 14. Qe2
Qd6 15. Ne5 Qd5 16. f3 c5 17. Rad1 cxd4 18. Kh1 Qc5 19. b4 Qxc3 20. Rb1 Qc7 21.
Rec1 Qd6 22. a3 Rc8 23. Nc4 Qd7 24. Ra1 Rc7 25. Re1 Rfc8 26. Ne5 Qd6 27. Nc4
Qd5 28. Kg1 Rxc4 0-1

[Event "Madrid-ch Superveteranos +65 2019"]
[Site "Madrid ESP"]
[Date "2019.01.24"]
[Round "4.16"]
[White "Becerra Baigorri, Jose"]
[Black "Antolin Palenzuela, Francisco J"]
[Result "1-0"]
[WhiteElo "1479"]
[BlackElo "1462"]
[PlyCount "134"]
[EventDate "2019.01.21"]
[EventType "swiss"]
[EventRounds "7"]
[EventCountry "ESP"]
[SourceTitle "Ajedrez en Madrid"]
[Source "lmi"]
[SourceDate "2019.01.21"]
[SourceVersion "1"]
[SourceVersionDate "2019.01.30"]
[SourceQuality "1"]

1. e4 c5 2. Nf3 Nc6 3. d4 cxd4 4. Nxd4 e5 5. Nb3 Nf6 6. Nc3 Bb4 7. Bd3 h6 8.
Bd2 a5 9. a3 Bxc3 10. Bxc3 d6 11. O-O a4 12. Nd2 O-O 13. h3 Be6 14. Nf3 Nh7 15.
Qe2 Ng5 16. Rad1 Qf6 17. Nxg5 Qxg5 18. Qf3 Qg6 19. Bb5 Rfd8 20. Rd2 f5 21. exf5
Bxf5 22. Rc1 Be4 23. Bd3 Bxd3 24. Qd5+ Kh8 25. Rxd3 Rd7 26. Rg3 Qf6 27. Rd1 Ne7
28. Qe4 Rad8 29. Rf3 Qe6 30. Qxa4 d5 31. Qb3 Nc6 32. Re1 e4 33. Rg3 Qf5 34. Qb5
Rf8 35. Rf1 Rdf7 36. Qc5 Qe6 37. Bxg7+ Rxg7 38. Qxf8+ Qg8 39. Qxg8+ Rxg8 40.
Rxg8+ Kxg8 41. Rd1 d4 42. Re1 d3 43. cxd3 exd3 44. Rd1 Ne5 45. f4 Nc4 46. Rxd3
Nxb2 47. Rd8+ Kg7 48. Rd7+ Kg6 49. Rxb7 Nc4 50. a4 Kf5 51. g3 Ke6 52. Rh7 Kf5
53. Rxh6 Ne3 54. a5 Nd5 55. a6 Nc7 56. a7 Ke4 57. Rh7 Na8 58. Rh8 Nc7 59. a8=Q+
Nxa8 60. Rxa8 Kf5 61. Kf2 Kg6 62. Ra5 Kf6 63. Kf3 Kg6 64. Kg4 Kf7 65. Kf5 Kg7
66. Ra6 Kh7 67. Kg5 Kg8 1-0